Statistics for Oscar Actors by Movies #2

Click here to take the quiz!

General Stats

  • This quiz has been taken 210 times
  • The average score is 13 of 20

Answer Stats

MoviesActor% Correct
The Aviator | The RevenantLeonardo DiCaprio
97%
Rocky | CreedSylvester Stallone
96%
Philadelphia | Cast AwayTom Hanks
93%
The Godfather | The IrishmanAl Pacino
88%
The Dark Knight |
Brokeback Mountain
Heath Ledger
86%
Collateral | RayJamie Foxx
76%
Twelve Monkeys | MoneyballBrad Pitt
75%
Leaving Las Vegas | Adaptation.Nicolas Cage
68%
To Kill a Mockingbird |
Gentleman's Agreement
Gregory Peck
64%
The Hustler | The Color of MoneyPaul Newman
63%
Gone with the Wind |
It Happened One Night
Clark Gable
62%
American Hustle | The FighterChristian Bale
60%
The Fugitive | LincolnTommy Lee Jones
57%
Boyhood | Training DayEthan Hawke
56%
Biutiful | No Country for Old MenJavier Bardem
56%
The French Connection |
I Never Sang for My Father
Gene Hackman
53%
12 Years a Slave | Steve JobsMichael Fassbender
47%
Platoon | At Eternity's GateWillem Dafoe
43%
Foxcatcher | SpotlightMark Ruffalo
37%
Three Billboards Outside
Ebbing, Missouri | Vice
Sam Rockwell
37%

Score Distribution

Percentile by Number Answered

Percent of People with Each Score

Your Score History

You have not taken this quiz